000 00216nam a22000857a 4500
008 170110b xxu||||| |||| 00| 0 eng d
100 _92305
_aMahajan.S.
245 _aEducation for Social Labour
260 _aIndia
_bNBT
_c2008
999 _c5213
_d5213